Principles of Engineering Mechanics-Dynamics (Record no. 20996)
[ view plain ]
| 000 -LEADER | |
|---|---|
| fixed length control field | 00326nam a2200145Ia 4500 |
| 082 ## - DEWEY DECIMAL CLASSIFICATION NUMBER | |
| Classification number | 620.1 |
| Item number | BEA |
| 100 ## - MAIN ENTRY--PERSONAL NAME | |
| Personal name | Beatty/Millard F |
| 245 ## - TITLE STATEMENT | |
| Title | Principles of Engineering Mechanics-Dynamics |
| 260 ## - PUBLICATION, DISTRIBUTION, ETC. | |
| Name of publisher, distributor, etc. | Springer |
| Date of publication, distribution, etc. | 2006 |
| 300 ## - PHYSICAL DESCRIPTION | |
| Extent | 595 |
| 546 ## - LANGUAGE NOTE | |
| Language note | ENGLISH |
| -- | Info.Tech |
| 650 ## - SUBJECT ADDED ENTRY--TOPICAL TERM | |
| Topical term or geographic name entry element | Mechanics |
| 942 ## - ADDED ENTRY ELEMENTS (KOHA) | |
| Koha item type | BOOK |
| Withdrawn status | Lost status | Damaged status | Not for loan | Collection | Home library | Current library | Date acquired | Source of acquisition | Inventory number | Total Checkouts | Full call number | Barcode | Date last seen | Price effective from | Koha item type |
|---|---|---|---|---|---|---|---|---|---|---|---|---|---|---|---|
| CRC | Fr. Agnel's C.Rodrigues College of Engineering | Fr. Agnel's C.Rodrigues College of Engineering | 17/03/2023 | ANE BOOKS | 17 dt 30/04/2011 | 620.1 BEA | 21714 | 17/03/2023 | BOOK |